000
00324nam a22001337a 4500
003
SGT
020
_a
9788194484523
082
_a
200
_b
R20R
100
_a
राणा, आशुतोष
245
_a
रामराज्य
260
_b
कौटिल्य बुक्स
_c
2020
300
_a
320
942
_2
ddc
_c
BK
999
_c
31694
_d
31694